000 00795nam a2200253Ia 4500
003 OSt
005 20220926024948.0
006 a|||||r|||| 00| 0
007 ta
008 220923b |||||||| |||| 00| 0 eng d
020 _a0852556802
_cPd 40.00
037 _b1412, 07/02/2001, Efficient
_cGeneral Book
040 _aRTL
_cRTL
_beng
041 _2eng
_aeng
082 _aL39:481.6595.N8, N8
100 _aSilla Eric
_9331705
245 0 _aPeople are not the same
_b Leprosy and indentity in
260 _aOxford
_bJames Currey
_c1998
300 _axi,220p.
_ccm.
490 _aSocial History Of Africa Series
650 _aMedicine
_94387
942 _hL39:481.6595.N8, N8
_cGB
_2CC
999 _c646000
_d646000